LDR 01158naa#a2200169#i#450# 001 RU\INFRA-M\bibl\115516 005 20260514112737.4 011 ## _a1998-0701 100 ## _a20260430b2026####ek#y0rusy0150####ca 102 ## _aRU 200 1# _aВлияние пузырей активов на структурные изменения в региональных экономиках России _eЖурнальная статья 210 1# _aМосква _cОбщество с ограниченной ответственностью «Научно-издательский центр ИНФРА-М» _d2026 215 ## _a9 с. 608 ## _aЖурнальная статья _2local 675 ## _aРегиональная, территориальная экономическая политика, планирование и прогнозирование. 332.14 _aЭкономическая политика в области туризма. Экономика туризма. 338.48 _aМатематическая экономия. 330.4 _aПроверка отчетности. Аудит. Ревизия. 657.6 _z 700 #1 _aПоливалов _gА. А. 856 4# _anaukaru.ru _u